| 000 | 00644cam a22001815a 4500 | ||
|---|---|---|---|
| 001 | L155881 | ||
| 008 | 120418s1848 xxk f 000 0 eng d | ||
| 035 | _a(Sirsi) u155881 | ||
| 041 | 0 | _aeng | |
| 100 | 1 |
_aHoppus, E. _q(Edward) _dd. 1739 |
|
| 245 | 0 | 0 |
_aHoppus's practical measurer, or, Measuring made easy to the meanest capacity _bby a new set of tables |
| 260 |
_aLondon _bPrinted and published by John Smith _c1848 |
||
| 300 |
_axl, 205 p., [1] folded leaf of plates _bill., tables _c17 x 8 cm. |
||
| 583 |
_aCondition reviewed _c20120620 _lcondition level 2 |
||
| 651 | 4 |
_aGreat Britain _y1707- |
|
| 690 |
_aMeasurement _96256 |
||
| 942 | _n0 | ||
| 999 |
_c113893 _d113893 |
||